The Department of State. (Record no. 89991)

MARC details
000 -LEADER
fixed length control field 00843cam a22002531 4500
001 - CONTROL NUMBER
control field sd 48000054
003 - CONTROL NUMBER IDENTIFIER
control field DLC
005 - DATE AND TIME OF LATEST TRANSACTION
control field 20260227112735.0
008 - FIXED-LENGTH DATA ELEMENTS--GENERAL INFORMATION
fixed length control field 921017s1948 dcu f000 0 eng c
010 ## - LIBRARY OF CONGRESS CONTROL NUMBER
LC control number sd 48000054
035 ## - SYSTEM CONTROL NUMBER
System control number (OCoLC)26799710
040 ## - CATALOGING SOURCE
Original cataloging agency U.S. Dept. of State. Library
Transcribing agency DS
Modifying agency DS
-- DLC
042 ## - AUTHENTICATION CODE
Authentication code premarc
050 00 - LIBRARY OF CONGRESS CALL NUMBER
Classification number JX1706
Item number .A3 1948
110 1# - MAIN ENTRY--CORPORATE NAME
Corporate name or jurisdiction name as entry element United States.
Subordinate unit Department of State.
245 04 - TITLE STATEMENT
Title The Department of State.
260 ## - PUBLICATION, DISTRIBUTION, ETC.
Place of publication, distribution, etc. [Washington,
Name of publisher, distributor, etc. U.S. Govt. Print. Off.,
Date of publication, distribution, etc. 1948]
300 ## - PHYSICAL DESCRIPTION
Extent 6 p.
Dimensions 21 x 10 cm.
490 1# - SERIES STATEMENT
Series statement Its Publication
Volume/sequential designation 3223
490 1# - SERIES STATEMENT
Series statement Department and Foreign service series,
Volume/sequential designation 3
610 10 - SUBJECT ADDED ENTRY--CORPORATE NAME
Corporate name or jurisdiction name as entry element United States.
Subordinate unit Department of State.
830 #0 - SERIES ADDED ENTRY--UNIFORM TITLE
Uniform title Department of State publication ;
Volume/sequential designation 3223.
830 #0 - SERIES ADDED ENTRY--UNIFORM TITLE
Uniform title Department of State publication.
Name of part/section of a work Department and Foreign Service series ;
Volume/sequential designation 3.

No items available.

Powered by Koha